| 000 | 00798nam a2200229 a 4500 | ||
|---|---|---|---|
| 003 | CBULib | ||
| 005 | 20240917142620.0 | ||
| 008 | 100723s2010 ||||||||||||||||| || u | ||
| 040 |
_bEnglish _cCBULib _erda _aCBULib _dCBULib |
||
| 050 | _aGOV.ZAM(058)ECZ/2010 | ||
| 110 | _aExaminations Council of Zambia (ECZ) | ||
| 245 | 1 | 0 | _aPerformance Feedback Report for the 2009 grade 7 composite examination |
| 260 |
_aLusaka _bExaminations Council of Zambia (ECZ) _c2010 |
||
| 300 | _aii, 20 pages | ||
| 336 |
_2rdacontent _aText | _btxt |
||
| 337 |
_2rdamedia _aUnmediated | _bn |
||
| 338 |
_2rdacarrier _aVolume _bnc |
||
| 650 | 0 | _aEDUCATIONAL TESTS AND MEASUREMENTS | |
| 650 | _aEXAMINATIONS--EVALUATION | ||
| 942 |
_2mc _c029 |
||
| 999 |
_c53348 _d53348 |
||